Départements français (30-29) - Statistiques

Statistiques générales
  • Ce quiz a été pris 38 fois
  • Le résultat moyen est 9 sur 10
Statistiques - réponses
Hint Réponse % Correct
30 Gard
97%
33 Gironde
94%
34 Hérault
94%
38 Isère
94%
35 Ille-et-Villaine
88%
36 Indre
88%
37 Indre-et-Loire
88%
32 Gers
84%
31 Haute-Garonne
84%
39 Jura
78%
Aucun quiz correspondant
Distribution des résultats
% des personnes avec chaque résultat
Percentile par nombre de réponses
Votre historique - résultats
Vous n’avez pas pris ce quiz